00500nam a2200109Ia 4500008004100000050002300041100002900064245017600093260008600269300002000355521001500375140724s9999 xx 000 0 und d aBF 576b.M266 2014 aManansala, Ma Melissa G. aFactors affecting the emotional and social adjustments of selected korean high school students in Southville International School and Colleges /cMa. Melissa G. Manansala. aLas Piñas, Philippines :bSouthville International School and Colleges,cc2014. a83 p. :c28 cm. aPsychology